[Event "SR 3. liga A2 2007/2008"]
[Site "?"]
[Date "2008.03.16"]
[Round "10"]
[White "Lanik, Miroslav"]
[Black "Puobis, Jozef"]
[Result "1/2-1/2"]
[WhiteElo "1580"]
[BlackElo "2021"]
[PlyCount "21"]
[EventDate "2007.??.??"]

1. e4 e5 2. Nf3 Nf6 3. Nxe5 d6 4. Nf3 Nxe4 5. Qe2 Qe7 6. d3 Nc5 7. Nc3 c6 8.
Bg5 Qxe2+ 9. Bxe2 Ne6 10. O-O-O Nxg5 11. Nxg5 $11 1/2-1/2

[Event "SR 3. liga A2 2007/2008"]
[Site "?"]
[Date "2008.03.16"]
[Round "10"]
[White "Pribila, Gerhard"]
[Black "Meszaros, Lorant"]
[Result "1/2-1/2"]
[WhiteElo "2026"]
[BlackElo "2103"]
[PlyCount "25"]
[EventDate "2007.??.??"]

1. e4 e5 2. Nf3 Nc6 3. d4 exd4 4. Bc4 Bc5 5. c3 Nf6 6. cxd4 Bb4+ 7. Bd2 Bxd2+
8. Nbxd2 d5 9. exd5 Nxd5 10. O-O O-O 11. Re1 Nce7 12. a3 c6 13. Qc2 1/2-1/2

[Event "SR 3. liga A2 2007/2008"]
[Site "?"]
[Date "2008.03.16"]
[Round "10"]
[White "Szitasi, Janos"]
[Black "Pribila, Michal"]
[Result "0-1"]
[WhiteElo "1987"]
[BlackElo "2067"]
[PlyCount "40"]
[EventDate "2007.??.??"]

1. e4 c5 2. Nf3 d6 3. d4 cxd4 4. Nxd4 Nf6 5. Nc3 a6 6. Be2 e5 7. Nf3 Be7 8. O-O
O-O 9. h3 Nc6 10. Be3 Be6 11. Qd2 b5 12. a3 Qc7 13. Ng5 Rad8 14. f4 exf4 15.
Bxf4 Ne5 16. Rad1 Bc4 17. Bd3 Ng6 18. Bxc4 Qxc4 19. Qd3 Nxf4 20. Rxf4 Qc5+ 0-1

[Event "SR 3. liga A2 2007/2008"]
[Site "?"]
[Date "2008.03.16"]
[Round "10"]
[White "Kocak, Branislav"]
[Black "Ollos, Ladislav"]
[Result "1/2-1/2"]
[WhiteElo "1855"]
[BlackElo "1995"]
[PlyCount "36"]
[EventDate "2007.??.??"]

1. d4 d5 2. c4 e6 3. Nf3 Nf6 4. Nc3 Nbd7 5. Bg5 Be7 6. e3 c6 7. Bd3 dxc4 8.
Bxc4 Nd5 9. Bxe7 Qxe7 10. O-O O-O 11. e4 Nxc3 12. bxc3 b5 13. Bb3 Bb7 14. Re1
e5 15. d5 cxd5 16. exd5 Qd6 17. Qe2 Bxd5 18. Rad1 Bxf3 $11 1/2-1/2

[Event "SR 3. liga A2 2007/2008"]
[Site "?"]
[Date "2008.03.16"]
[Round "10"]
[White "Arpa, Zoltan"]
[Black "Vach, Jozef"]
[Result "1-0"]
[WhiteElo "1843"]
[BlackElo "1944"]
[PlyCount "113"]
[EventDate "2007.??.??"]

1. d4 Nf6 2. c4 g6 3. Nc3 Bg7 4. e4 d6 5. Nf3 O-O 6. Be2 c5 7. d5 Nbd7 8. O-O
a6 9. Qc2 Qc7 10. h3 b6 11. Be3 Bb7 12. Rac1 Rac8 13. a4 Ne8 14. Qd2 Ne5 15.
Nxe5 dxe5 16. f4 exf4 17. Bxf4 Be5 18. Bh6 Ng7 19. Bg4 Rcd8 20. Bf4 e6 21. Bxe5
Qxe5 22. Qf2 Qd4 23. Qxd4 cxd4 24. Ne2 e5 25. Rf6 h5 26. Bf3 Rb8 27. Rxb6 a5
28. c5 Ba8 29. Ng3 Rxb6 30. cxb6 Rb8 31. d6 Ne6 32. d7 Bb7 33. Be2 Kf8 34. Bb5
Ke7 35. Kf2 h4 36. Nf1 Bxe4 37. Nd2 f5 38. Rc8 Rxb6 39. Nc4 Rxb5 40. axb5 Kxd7
41. Rh8 Nf4 42. Nxe5+ Ke6 43. Re8+ Kd6 44. Nf3 Kc5 45. Rc8+ Kxb5 46. Nxd4+ Kb4
47. Rb8+ Kc4 48. Nf3 Nd3+ 49. Ke3 Kc5 50. Nxh4 Ne1 51. Nxg6 Nxg2+ 52. Kf2 f4
53. h4 Bxg6 54. Kxg2 Be4+ 55. Kf2 Kc4 56. h5 a4 57. h6 1-0

[Event "SR 3. liga A2 2007/2008"]
[Site "?"]
[Date "2008.03.16"]
[Round "10"]
[White "Brunovsky, Peter"]
[Black "Both, Lajos"]
[Result "1-0"]
[WhiteElo "1687"]
[BlackElo "1951"]
[PlyCount "85"]
[EventDate "2007.??.??"]

1. c4 e5 2. Nc3 Nc6 3. e4 Nf6 4. g3 Be7 5. Bg2 O-O 6. Nge2 d6 7. O-O Be6 8. d3
Qd7 9. f4 Bh3 10. f5 Bxg2 11. Kxg2 Nd8 12. h3 h6 13. g4 Nh7 14. Ng1 Bg5 15. Nf3
Bxc1 16. Qxc1 c6 17. h4 Nf6 18. g5 Nh5 19. Ne2 hxg5 20. Qxg5 Nf6 21. Kh2 Nh7
22. Qg3 f6 23. Rg1 Qf7 24. Qg6 Kh8 25. Rg2 Rg8 26. h5 Nf8 27. Qg4 d5 28. Nh4
dxe4 29. Ng6+ Kh7 30. dxe4 c5 31. Rag1 Nc6 32. Nc3 Nd7 33. Nd5 Nb6 34. b3 Nxd5
35. cxd5 Nd4 36. d6 Nc6 37. Kh1 Rad8 38. Rh2 Rxd6 39. Qh3 Rgd8 40. h6 Rd3 41.
Qh4 Qc7 42. hxg7+ Kg8 43. Qh7+ 1-0

[Event "SR 3. liga A2 2007/2008"]
[Site "?"]
[Date "2008.03.16"]
[Round "10"]
[White "Lelkes st, Bela"]
[Black "Zajicek, Ferdinand"]
[Result "0-1"]
[WhiteElo "1869"]
[BlackElo "1798"]
[PlyCount "98"]
[EventDate "2007.??.??"]

1. e4 e5 2. Bc4 Nc6 3. f4 exf4 4. Nf3 d6 5. O-O Be6 6. Be2 d5 7. exd5 Bxd5 8.
Bb5 Bd6 9. Re1+ Nge7 10. Nc3 O-O 11. Nxd5 Nxd5 12. Bxc6 bxc6 13. b3 Qf6 14. Rb1
Rfe8 15. Bb2 Rxe1+ 16. Qxe1 Qg6 17. c4 Nf6 18. Qf1 Re8 19. Re1 Rxe1 20. Qxe1
Nd7 21. d4 Qe6 22. c5 Be7 23. Bc1 Qxe1+ 24. Nxe1 g5 25. Nf3 Bf6 26. Kf2 Bg7 27.
Bb2 h6 28. Ke2 Nxc5 29. Ne5 Bxe5 30. dxe5 Nd7 31. Kd3 Kh7 32. Ke4 Kg6 33. Bd4
a6 34. Bf2 f5+ 35. Kd4 Kf7 36. g3 fxg3 37. Bxg3 Ke6 38. h3 f4 39. Bf2 Nxe5 40.
Ke4 Ng6 41. Bd4 h5 42. Bf2 g4 43. hxg4 hxg4 44. Be1 g3 45. Bb4 Kf6 46. Bc5 Kg5
47. Kd3 f3 48. Bg1 Kg4 49. Ke3 Ne7 0-1

[Event "SR 3. liga A2 2007/2008"]
[Site "?"]
[Date "2008.03.16"]
[Round "10"]
[White "Kastler, Peter"]
[Black "Lelkes ml, Bela"]
[Result "1/2-1/2"]
[WhiteElo "1679"]
[BlackElo "1547"]
[PlyCount "71"]
[EventDate "2007.??.??"]

1. d4 f5 2. c4 g6 3. Nc3 Nf6 4. g3 Bg7 5. Bg2 O-O 6. Nf3 c6 7. O-O Na6 8. e3
Nc7 9. b3 e6 10. Ba3 Re8 11. Qc2 d5 12. Rad1 Ne4 13. Nxe4 fxe4 14. Nd2 e5 15.
dxe5 Bxe5 16. Nxe4 Bf5 17. Qe2 Bxe4 18. Bxe4 Bxg3 19. fxg3 Rxe4 20. Rf8+ Qxf8
21. Bxf8 Rxf8 22. Rd4 Rxd4 23. exd4 Rf7 24. Qg4 Rf5 25. Qe2 Kf7 26. Qd2 Ke6 27.
Qa5 Na6 28. Qd8 Rf7 29. c5 Re7 30. Qd6+ Kf7 31. Qf4+ Ke8 32. a3 Nc7 33. a4 a6
34. h4 Ne6 35. Qf6 Kd7 36. Qf2 1/2-1/2

[Event "SR 3. liga A2 2007/2008"]
[Site "?"]
[Date "2008.03.16"]
[Round "10"]
[White "Kalmar, Tamas"]
[Black "Papanek, Lubomir"]
[Result "0-1"]
[WhiteElo "1529"]
[BlackElo "1667"]
[PlyCount "126"]
[EventDate "2007.??.??"]

1. d4 Nf6 2. c4 e6 3. Nc3 Bb4 4. Qc2 b6 5. Bg5 Bb7 6. e4 Bxe4 7. Bxf6 Bxc2 8.
Bxd8 Kxd8 9. Kd2 Be4 10. a3 Bxc3+ 11. Kxc3 d5 12. f3 Bg6 13. Nh3 c6 14. Nf4 Nd7
15. h4 h6 16. Nxg6 fxg6 17. Bd3 e5 18. Bxg6 exd4+ 19. Kxd4 dxc4 20. Be4 Kc7 21.
Kxc4 Rad8 22. Rad1 Ne5+ 23. Kc3 c5 24. Rd5 Rxd5 25. Bxd5 Rd8 26. Be4 Rd4 27. b3
a5 28. a4 Kd6 29. g4 Ke6 30. Re1 Kf6 31. Re2 Rd6 32. Rd2 Rxd2 33. Kxd2 g5 34.
h5 Nf7 35. Ke3 Ke5 36. Bb7 Nd8 37. Ba6 Ne6 38. Bb5 Nd4 39. Bc4 Nc2+ 40. Kd2 Nd4
41. Ke3 Nc6 42. Bb5 Nd4 43. Bc4 Nc2+ 44. Kd2 Nb4 45. Ke3 Na2 46. Bb5 Nc3 47.
Bc4 Nd1+ 48. Kd2 Nf2 49. Bf1 Kd4 50. Bc4 Nh3 51. Bb5 Nf4 52. Bc4 Ng2 53. Bb5
Ke5 54. Ke2 Kf4 55. Kf2 Ne3 56. Ke2 Nc2 57. Kf2 Nd4 58. Be2 Nxb3 59. Bc4 Nd4
60. Bd5 b5 61. axb5 Nxb5 62. Bc4 Nd4 63. Bd5 Nc2 0-1

[Event "SR 3. liga A2 2007/2008"]
[Site "?"]
[Date "2008.03.30"]
[Round "11"]
[White "Sekera, Branislav"]
[Black "Hudacek, Josef"]
[Result "0-1"]
[WhiteElo "2129"]
[BlackElo "2081"]
[PlyCount "138"]
[EventDate "2007.??.??"]

1. d4 Nf6 2. Nf3 g6 3. c4 d5 4. Nc3 Bg7 5. e3 O-O 6. Be2 c5 7. O-O dxc4 8. Bxc4
Nbd7 9. Qe2 a6 10. b3 b5 11. Bd3 Bb7 12. Bb2 Qb6 13. Rad1 Rac8 14. Bb1 e6 15.
Rd2 Rc7 16. Ne5 cxd4 17. exd4 Rfc8 18. Ne4 Nxe4 19. Bxe4 Bxe4 20. Qxe4 Nf6 21.
Qe2 Nd5 22. Qf3 Qa5 23. Re2 Qxa2 24. h4 Bxe5 25. dxe5 Qa5 26. h5 Rc2 27. h6 Qb4
28. Re4 Qf8 29. Bd4 Qxh6 30. Be3 Nxe3 31. Rxe3 Rc1 32. Rd1 Rxd1+ 33. Qxd1 Qg5
34. Qa1 Qd8 35. Re1 Qd2 36. Rd1 Qc2 37. Rf1 Ra8 38. Qa3 Qc7 39. Qb2 a5 40. Qd4
a4 41. bxa4 Rxa4 42. Qe3 Qa7 43. Qd3 Qb8 44. Re1 b4 45. Qd4 Ra5 46. Rb1 b3 47.
Rxb3 Qxe5 48. Qxe5 Rxe5 49. Kh2 h5 50. Kg3 Kg7 51. Rb7 Kf6 52. Ra7 Rg5+ 53. Kf3
Rf5+ 54. Ke3 Kg5 55. Ra1 f6 56. Ra4 Rb5 57. Ra3 e5 58. Rc3 f5 59. Ra3 Rb4 60.
Rc3 e4 61. Ke2 Rb2+ 62. Kf1 Kf4 63. Kg1 h4 64. f3 e3 65. Rc4+ Kg3 66. Rc1 Rxg2+
67. Kh1 Kxf3 68. Re1 Rg4 69. Kh2 Kf2 0-1

[Event "SR 3. liga A2 2007/2008"]
[Site "?"]
[Date "2008.03.30"]
[Round "11"]
[White "Kubis, Ivan"]
[Black "Bury, Rastislav"]
[Result "1/2-1/2"]
[WhiteElo "2018"]
[BlackElo "2130"]
[PlyCount "36"]
[EventDate "2007.??.??"]

1. e4 c5 2. Nf3 d6 3. d4 cxd4 4. Nxd4 Nf6 5. Nc3 a6 6. Bg5 e6 7. f4 Qb6 8. Qd2
Qxb2 9. Rb1 Qa3 10. f5 Nc6 11. Nxc6 bxc6 12. Bxf6 gxf6 13. Be2 Bh6 14. Qd3 Qc5
15. Na4 Qa5+ 16. Nc3 Qc5 17. Na4 Qa5+ 18. Nc3 Qc5 1/2-1/2

[Event "SR 3. liga A2 2007/2008"]
[Site "?"]
[Date "2008.03.30"]
[Round "11"]
[White "Lopatievov, Alexander"]
[Black "Vepy, Ivan"]
[Result "1-0"]
[WhiteElo "1905"]
[BlackElo "1973"]
[PlyCount "99"]
[EventDate "2007.??.??"]

1. d4 Nf6 2. c4 e6 3. Nc3 Be7 4. e4 d5 5. e5 Nfd7 6. cxd5 O-O 7. dxe6 fxe6 8.
Nf3 Nb6 9. Bd3 Nc6 10. O-O Nd5 11. Be4 Nf4 12. a3 Qe8 13. g3 Nh3+ 14. Kg2 Qh5
15. Be3 Bd7 16. Nd2 Qxd1 17. Raxd1 Ng5 18. Bxg5 Bxg5 19. f4 Be7 20. b4 Rad8 21.
d5 Nd4 22. Nf3 Nf5 23. Rfe1 h6 24. g4 Nh4+ 25. Nxh4 Bxh4 26. Rf1 Bc8 27. Nb5
exd5 28. Bxd5+ Kh8 29. Nxc7 Bxg4 30. Rd2 a6 31. h3 Bc8 32. Rdd1 g5 33. fxg5
Bxg5 34. Rxf8+ Rxf8 35. Re1 Be7 36. Be6 a5 37. Bxc8 Rxc8 38. Nd5 Rc2+ 39. Kf3
Bh4 40. Re4 Rd2 41. Rxh4 Rxd5 42. Ke4 Rb5 43. Kf5 Kg7 44. Ke6 Kf8 45. Kf6 Rd5
46. Rxh6 Kg8 47. e6 Rd3 48. e7 Rf3+ 49. Ke6 Re3+ 50. Kd7 1-0

[Event "SR 3. liga A2 2007/2008"]
[Site "?"]
[Date "2008.03.30"]
[Round "11"]
[White "Hrubsa, Marian"]
[Black "Mackovic, Miroslav"]
[Result "1-0"]
[WhiteElo "1719"]
[BlackElo "2033"]
[PlyCount "59"]
[EventDate "2007.??.??"]

1. e4 c5 2. Nf3 d6 3. d4 cxd4 4. Nxd4 Nf6 5. Nc3 a6 6. Be2 e6 7. Be3 Be7 8. O-O
O-O 9. f4 Qc7 10. Qe1 Nbd7 11. Qg3 b5 12. a3 Bb7 13. Bd3 Nb6 14. Qh3 e5 15.
fxe5 dxe5 16. Nf5 Bc8 17. Kh1 Bxf5 18. Rxf5 g6 19. Qg3 Nfd7 20. Raf1 f6 21. Nd5
Nxd5 22. exd5 Kh8 23. R5f3 Rg8 24. Qh3 Nc5 25. Bxc5 Qxc5 26. Rg3 f5 27. Rxf5
Raf8 28. Rxf8 Rxf8 29. Rxg6 Qxc2 30. Rg8+ 1-0

[Event "SR 3. liga A2 2007/2008"]
[Site "?"]
[Date "2008.03.30"]
[Round "11"]
[White "Kozinka, Roman"]
[Black "Brisudova, Veronika"]
[Result "1-0"]
[WhiteElo "1992"]
[BlackElo "1751"]
[PlyCount "99"]
[EventDate "2007.??.??"]

1. e4 e5 2. Nf3 Nc6 3. Bb5 a6 4. Bxc6 dxc6 5. d4 exd4 6. Qxd4 Qxd4 7. Nxd4 Nf6
8. f3 Bc5 9. Be3 Bb6 10. Nd2 Bd7 11. Nc4 O-O 12. Nb3 Bxe3 13. Nxe3 Be6 14. Nc5
Rfe8 15. Rd1 b6 16. Nxe6 Rxe6 17. Ke2 Rae8 18. Rd3 Nh5 19. g3 g6 20. Rhd1 Ng7
21. Kf2 R6e7 22. Ng4 Nh5 23. Rd8 f5 24. Rxe8+ Rxe8 25. exf5 gxf5 26. Nh6+ Kg7
27. Nxf5+ Kf6 28. Ne3 Re7 29. Rd4 Ng7 30. Rf4+ Kg6 31. Rc4 Re6 32. f4 Rd6 33.
Kf3 c5 34. g4 h6 35. h4 Rd2 36. b4 Rh2 37. h5+ Kf7 38. bxc5 b5 39. Rd4 Ne6 40.
Rd7+ Kg8 41. Kg3 Re2 42. Kf3 Rh2 43. Re7 Rh3+ 44. Ke4 Nxc5+ 45. Kf5 Kf8 46.
Rxc7 Rxe3 47. Rxc5 Ra3 48. Kf6 Ke8 49. g5 hxg5 50. fxg5 1-0

[Event "SR 3. liga A2 2007/2008"]
[Site "?"]
[Date "2008.03.30"]
[Round "11"]
[White "Harastova, Viera"]
[Black "Zarecky, Eduard"]
[Result "1-0"]
[WhiteElo "1650"]
[BlackElo "1906"]
[PlyCount "99"]
[EventDate "2007.??.??"]

1. d4 d5 2. c4 e6 3. Nc3 Nf6 4. Bg5 Be7 5. Nf3 Nc6 6. e3 O-O 7. Bd3 dxc4 8.
Bxc4 h6 9. Bh4 Nd5 10. Bxe7 Ndxe7 11. O-O a6 12. Rc1 b5 13. Bb3 Na5 14. Ne5 Bb7
15. Bc2 Qd6 16. Ne4 Bxe4 17. Bxe4 Rac8 18. Qd2 f6 19. Qxa5 fxe5 20. dxe5 Qb6
21. Qxb6 cxb6 22. Bb7 Rc5 23. Rxc5 bxc5 24. Rd1 Rb8 25. Rd7 Kf8 26. Be4 Ke8 27.
Rd6 Rd8 28. Bb7 a5 29. Kf1 Rxd6 30. exd6 Nf5 31. Bc6+ Kd8 32. Bxb5 Nxd6 33. Bd3
c4 34. Bc2 Kc7 35. Ke2 Kb6 36. b3 Kc5 37. bxc4 Nxc4 38. Bb3 e5 39. Kd3 Nd6 40.
f3 Kb6 41. g3 Nb7 42. Bd5 Nc5+ 43. Kc2 a4 44. f4 e4 45. g4 a3 46. h4 Na4 47. g5
Nc3 48. Be6 Ne2 49. f5 Kc5 50. f6 1-0

[Event "SR 3. liga A2 2007/2008"]
[Site "?"]
[Date "2008.03.30"]
[Round "11"]
[White "Lukac, Tomas"]
[Black "Bartos, Bohumil"]
[Result "1-0"]
[WhiteElo "1819"]
[BlackElo "1580"]
[PlyCount "117"]
[EventDate "2007.??.??"]

1. e4 d6 2. d4 Nf6 3. Nc3 g6 4. Nf3 Bg7 5. h3 O-O 6. Be3 c6 7. Be2 Nbd7 8. O-O
e5 9. dxe5 dxe5 10. Qd6 Ne8 11. Qd2 Qc7 12. Bc4 Nb6 13. Bb3 Nf6 14. Rad1 Re8
15. Ng5 Be6 16. Nxe6 fxe6 17. Qd6 Qxd6 18. Rxd6 Kf7 19. f3 Bf8 20. Rdd1 Rad8
21. Na4 Nxa4 22. Bxa4 b5 23. Bb3 a5 24. a4 b4 25. Bb6 Ra8 26. Rd3 Rec8 27. Rfd1
Be7 28. g4 g5 29. Bc4 h6 30. Bf2 Rd8 31. Bg3 Rxd3 32. Rxd3 Rd8 33. Bxe5 Rxd3
34. cxd3 Bc5+ 35. Kf1 Nd7 36. Bg3 Bd4 37. b3 Be5 38. Bf2 Bc7 39. h4 Bb6 40. Be1
Be3 41. hxg5 hxg5 42. Ke2 Bf4 43. d4 Bc7 44. Bd2 Bd8 45. d5 cxd5 46. exd5 exd5
47. Bxd5+ Kg6 48. f4 gxf4 49. Bxf4 Nf6 50. Bf3 Nd7 51. Kd3 Nc5+ 52. Kc4 Ne6 53.
Be3 Bc7 54. Kb5 Bd8 55. Bb6 Bxb6 56. Kxb6 Nd4 57. Bd5 Kg5 58. Kxa5 Kxg4 59.
Kxb4 1-0

[Event "SR 3. liga A2 2007/2008"]
[Site "?"]
[Date "2008.03.30"]
[Round "11"]
[White "Harasta, Juraj"]
[Black "Gajarsky, Julius"]
[Result "1-0"]
[WhiteElo "1649"]
[BlackElo "1820"]
[PlyCount "95"]
[EventDate "2007.??.??"]

1. e4 c5 2. Nf3 d6 3. d4 cxd4 4. Nxd4 Nf6 5. f3 g6 6. Be3 Bg7 7. c4 Bd7 8. Nc3
Nc6 9. Be2 Rc8 10. Qd2 Ne5 11. b3 Qa5 12. Rc1 a6 13. O-O O-O 14. Rfd1 Nc6 15.
Bf1 Rfd8 16. Qf2 Rf8 17. Qd2 h5 18. Qf2 Kh7 19. Kh1 Qd8 20. Na4 Ne5 21. Nb2 Rh8
22. Nd3 Nc6 23. b4 Qf8 24. b5 Nxd4 25. Bxd4 axb5 26. c5 Bc6 27. cxd6 exd6 28.
Rb1 Qe8 29. Qb2 Qe7 30. Nf4 Rhg8 31. Bxb5 Rc7 32. a4 Ne8 33. Bxg7 Nxg7 34. Nd5
Bxd5 35. Rxd5 Rgc8 36. Rd2 Qg5 37. Rbd1 Ne6 38. g3 Qe3 39. Rd3 Qc5 40. Rxd6
Qxd6 41. Rxd6 Rc1+ 42. Bf1 Rxf1+ 43. Kg2 Rcc1 44. f4 Rg1+ 45. Kh3 Rb1 46. Qf6
Rh1 47. Qxf7+ Kh8 48. Rxe6 1-0

[Event "SR 3. liga A2 2007/2008"]
[Site "?"]
[Date "2008.03.30"]
[Round "11"]
[White "Pagerka, Martin"]
[Black "Provaznik, Michal"]
[Result "0-1"]
[WhiteElo "2099"]
[BlackElo "2186"]
[PlyCount "70"]
[EventDate "2007.??.??"]

1. d4 Nf6 2. c4 e6 3. g3 Bb4+ 4. Bd2 Qe7 5. Bg2 d5 6. a3 Bxd2+ 7. Nxd2 O-O 8.
Ngf3 b6 9. O-O Bb7 10. Rc1 c5 11. dxc5 bxc5 12. cxd5 exd5 13. Nb3 Nbd7 14. Nh4
Rac8 15. Qd2 g6 16. Qg5 Qe6 17. Qf4 Rfe8 18. Rfe1 Ba6 19. Nf3 Ne4 20. Ng5 Nxg5
21. Qxg5 d4 22. Bd5 Qe5 23. Qxe5 Rxe5 24. Bg2 Rb8 25. Na5 Rxb2 26. Bf3 Bxe2 27.
Nc6 Re6 28. Bxe2 Rexe2 29. Rxe2 Rxe2 30. Nxa7 d3 31. Kf1 Rc2 32. Rd1 c4 33. Nc6
Ra2 34. Nb4 Rxa3 35. Nd5 Ra2 0-1

[Event "SR 3. liga A2 2007/2008"]
[Site "?"]
[Date "2008.03.30"]
[Round "11"]
[White "Kovarik, Oto"]
[Black "Hecko, Dusan"]
[Result "0-1"]
[WhiteElo "2054"]
[BlackElo "2123"]
[PlyCount "90"]
[EventDate "2007.??.??"]

1. e4 c6 2. d4 d5 3. Nd2 dxe4 4. Nxe4 Bf5 5. Ng3 Bg6 6. Nf3 Nd7 7. Bd3 Bxd3 8.
Qxd3 Ngf6 9. O-O e6 10. Be3 Bd6 11. Ne4 Nxe4 12. Qxe4 Nf6 13. Qd3 O-O 14. Bg5
Rc8 15. Rad1 Be7 16. c3 Qc7 17. b4 Rfd8 18. Qe2 Nd5 19. Bxe7 Nxe7 20. Ne5 Ng6
21. f4 a5 22. a3 axb4 23. axb4 b6 24. Nd3 Ra8 25. Rf3 Ra3 26. Ne5 Rda8 27. Qc4
Ra1 28. Rdf1 Rxf1+ 29. Rxf1 Nxe5 30. fxe5 Qd7 31. h3 h6 32. Rf3 Ra1+ 33. Rf1
Ra3 34. Rf3 b5 35. Qf1 Rxc3 36. Rxc3 Qxd4+ 37. Qf2 Qxc3 38. Qf4 c5 39. bxc5
Qxc5+ 40. Kh1 b4 41. Qd2 Qc3 42. Qd8+ Kh7 43. Qd1 b3 44. Qb1+ Qc2 45. Qf1 b2
0-1

[Event "SR 3. liga A2 2007/2008"]
[Site "?"]
[Date "2008.03.30"]
[Round "11"]
[White "Diviak, Rastislav"]
[Black "Jozefovic, Milan"]
[Result "1-0"]
[WhiteElo "2014"]
[BlackElo "1932"]
[PlyCount "129"]
[EventDate "2007.??.??"]

1. e4 e5 2. Nf3 d6 3. d4 exd4 4. Nxd4 Nf6 5. Nc3 Bd7 6. Bc4 Nc6 7. O-O Be7 8.
f3 O-O 9. Be3 a6 10. Qd2 b5 11. Nxc6 Bxc6 12. Bb3 b4 13. Ne2 a5 14. Nd4 Bb7 15.
Nf5 Ne8 16. Rad1 Bf6 17. Bd4 Bxd4+ 18. Nxd4 Qf6 19. Qf2 g6 20. Qg3 Ng7 21. Rfe1
Rfe8 22. Qf2 Re5 23. Bc4 d5 24. exd5 Bxd5 25. Rxe5 Qxe5 26. Re1 Qg5 27. Bd3 c5
28. Nb5 c4 29. Nc7 Rc8 30. Nxd5 Qxd5 31. Be4 Qd6 32. b3 f5 33. Bb7 Rc7 34. Qa7
Ne6 35. Rxe6 Rxb7 36. Rxd6 Rxa7 37. bxc4 Rc7 38. Rd4 Kf7 39. Kf2 Kf6 40. Ke3
Ke6 41. Kd3 Rc5 42. f4 Rc6 43. Rd5 Ra6 44. Kd4 Ra8 45. c5 Rb8 46. Rd6+ Ke7 47.
Kd5 a4 48. Kc6 b3 49. cxb3 axb3 50. axb3 Rxb3 51. Rd2 Rb4 52. g3 h5 53. Kc7 Rc4
54. Re2+ Re4 55. Rd2 Rc4 56. c6 Ke6 57. Kb7 Rb4+ 58. Kc8 h4 59. c7 hxg3 60.
hxg3 Ke7 61. Re2+ Kf7 62. Re5 Rb3 63. Kd7 Rd3+ 64. Kc6 Rxg3 65. Rc5 1-0

[Event "SR 3. liga A2 2007/2008"]
[Site "?"]
[Date "2008.03.30"]
[Round "11"]
[White "Bilovsky, Milan"]
[Black "Karlik, L."]
[Result "1-0"]
[WhiteElo "1872"]
[BlackElo "1839"]
[PlyCount "97"]
[EventDate "2007.??.??"]

1. c4 c6 2. Nc3 d5 3. cxd5 cxd5 4. d4 Nf6 5. e3 Nc6 6. Nf3 e6 7. Bd3 Bd6 8. O-O
O-O 9. Bd2 e5 10. dxe5 Nxe5 11. Nxe5 Bxe5 12. Rc1 Bg4 13. Be2 Be6 14. Bf3 Rb8
15. b3 b5 16. Ne2 Qd6 17. Ng3 b4 18. Qe2 Bd7 19. Rfd1 Bb5 20. Qe1 a5 21. Rc2
Rfe8 22. Rdc1 d4 23. Bc6 Bxg3 24. hxg3 Bxc6 25. Rxc6 Qd8 26. R1c4 Rb6 27. Qc1
Rxc6 28. Rxc6 dxe3 29. Bxe3 Nd5 30. Bd4 Ne7 31. Bb6 Qb8 32. Bc7 Qa8 33. Rc5 Qe4
34. Re5 Qd4 35. Qe1 Qd7 36. Bxa5 f6 37. Re4 Kf7 38. Bxb4 Nd5 39. Rxe8 Qxe8 40.
Qxe8+ Kxe8 41. Bc5 Kd7 42. b4 Kc6 43. a4 Nc3 44. Bf8 Nxa4 45. Bxg7 f5 46. Kh2
Kd5 47. Kh3 Ke6 48. Kh4 Kf7 49. Bd4 1-0

[Event "SR 3. liga A2 2007/2008"]
[Site "?"]
[Date "2008.03.30"]
[Round "11"]
[White "Cajka, Tibor"]
[Black "Holly, Milan"]
[Result "1-0"]
[WhiteElo "1830"]
[BlackElo "1781"]
[PlyCount "131"]
[EventDate "2007.??.??"]

1. e4 e6 2. d4 b6 3. Bd3 Bb7 4. Ne2 Nf6 5. Ng3 Be7 6. O-O O-O 7. Nd2 c5 8. c3
cxd4 9. cxd4 Nc6 10. Nf3 Nb4 11. Bb1 d5 12. e5 Nd7 13. a3 Nc6 14. Qd3 g6 15.
Bh6 Re8 16. Nh5 Bf8 17. Bxf8 Rxf8 18. Nf4 Qe7 19. Ba2 Rac8 20. Rfe1 Na5 21.
Rac1 Rxc1 22. Rxc1 Rc8 23. Rxc8+ Bxc8 24. Qc2 Qd8 25. Nd3 Bb7 26. Nd2 Nc6 27.
Qc3 Qh4 28. Nf3 Qe7 29. b4 Qd8 30. Nc1 Qc8 31. Bb3 Kg7 32. Ne1 Nxd4 33. Qxc8
Bxc8 34. f4 Nxb3 35. Nxb3 Ba6 36. Nd4 Bc4 37. Kf2 h6 38. Nef3 a5 39. Ke3 axb4
40. axb4 g5 41. g3 gxf4+ 42. gxf4 Nb8 43. Nd2 b5 44. Nxc4 bxc4 45. f5 exf5 46.
Nxf5+ Kf8 47. b5 Nd7 48. Kd4 Nb6 49. Nxh6 Ke7 50. h4 Ke6 51. Ng4 Nd7 52. h5 Kf5
53. h6 Nf8 54. b6 Kg6 55. b7 Nd7 56. h7 Kg7 57. Nf6 Nb8 58. Nxd5 Kxh7 59. Kxc4
Kg7 60. Nb4 f5 61. Kd5 Kf7 62. e6+ Kf6 63. Kd6 f4 64. Nd5+ Kg7 65. e7 Kf7 66.
Nc7 1-0

[Event "SR 3. liga A2 2007/2008"]
[Site "?"]
[Date "2008.03.30"]
[Round "11"]
[White "Hrubos, Milan"]
[Black "Blazkova, Barbora"]
[Result "1-0"]
[WhiteElo "1726"]
[BlackElo "1942"]
[PlyCount "87"]
[EventDate "2007.??.??"]

1. e4 c5 2. Nf3 d6 3. d4 cxd4 4. Nxd4 Nf6 5. Nc3 a6 6. Bg5 e6 7. f4 Qb6 8. Qd2
Be7 9. O-O-O Nbd7 10. Nb3 O-O 11. g4 Qc7 12. Bxf6 Bxf6 13. Qxd6 Qxd6 14. Rxd6
Bxc3 15. bxc3 Nf6 16. Bg2 Nxg4 17. Kd2 Rb8 18. Bf3 Nf6 19. e5 Ne8 20. Rb6 Nc7
21. c4 Na8 22. Rb4 Rd8+ 23. Ke3 Nc7 24. Na5 Bd7 25. Rhb1 b5 26. Nb7 Rdc8 27.
Nd6 Rd8 28. a4 a5 29. R4b3 b4 30. Ra1 Na6 31. Kd4 Bc8 32. c5 Nc7 33. c3 Ba6 34.
cxb4 Rxb4+ 35. Rxb4 axb4 36. c6 Rb8 37. Rb1 Kf8 38. Nb7 Bxb7 39. cxb7 Na6 40.
Kc4 Ke7 41. Kb5 Nc7+ 42. Kxb4 Nd5+ 43. Bxd5 exd5 44. Kc5 1-0

[Event "SR 3. liga A2 2007/2008"]
[Site "?"]
[Date "2008.03.30"]
[Round "11"]
[White "Danada, Ondrej"]
[Black "Husek, Lubomir"]
[Result "0-1"]
[WhiteElo "1752"]
[BlackElo "1600"]
[PlyCount "46"]
[EventDate "2007.??.??"]

1. e4 c5 2. Nf3 d6 3. d4 cxd4 4. Nxd4 Nf6 5. Nc3 e6 6. Bg5 Be7 7. f4 O-O 8. Qf3
a6 9. O-O-O Qc7 10. g4 Nc6 11. h4 Rb8 12. Kb1 Nxd4 13. Rxd4 b5 14. f5 Bb7 15.
a3 Bc6 16. Bxf6 Bxf6 17. Rd2 a5 18. g5 Be5 19. h5 b4 20. axb4 axb4 21. Na2 Qa5
22. Bc4 b3 23. c3 Qxa2+ 0-1

[Event "SR 3. liga A2 2007/2008"]
[Site "?"]
[Date "2008.03.30"]
[Round "11"]
[White "Zlamal, Marek"]
[Black "Pagerka, Slavomir"]
[Result "0-1"]
[WhiteElo "1480"]
[BlackElo "1691"]
[PlyCount "102"]
[EventDate "2007.??.??"]

1. e4 e5 2. Nf3 Nc6 3. Bc4 Bc5 4. d3 Nf6 5. Bg5 O-O 6. Nbd2 Be7 7. h3 d6 8. a3
Nd7 9. Be3 h6 10. O-O Nf6 11. c3 d5 12. Ba2 Be6 13. b4 Bd6 14. Re1 Ne7 15. exd5
Nexd5 16. c4 Nc3 17. Qc2 Nxa2 18. Rxa2 c6 19. Raa1 Bf5 20. Ne4 Nxe4 21. dxe4
Be6 22. Rad1 Qe7 23. Rd2 b6 24. c5 bxc5 25. Red1 Rfd8 26. Bxc5 Bxc5 27. Qxc5
Rxd2 28. Qxe7 Rxd1+ 29. Kh2 Rd7 30. Qc5 f6 31. Qxc6 Re8 32. Nh4 Kh7 33. Nf5
Bxf5 34. exf5 Ree7 35. Qc5 e4 36. g4 Re5 37. Qe3 a5 38. bxa5 Rxa5 39. Qxe4 Rda7
40. Qe8 Ra8 41. Qf7 Rxa3 42. Kg2 R3a7 43. Qd5 Re8 44. Kg3 Re5 45. Qc4 Rae7 46.
f4 Re4 47. Qc1 Re3+ 48. Kh4 Rf3 49. g5 hxg5+ 50. fxg5 Re4+ 51. Kh5 Rxh3# 0-1

[Event "SR 3. liga A2 2007/2008"]
[Site "?"]
[Date "2008.03.30"]
[Round "11"]
[White "Doucha, Ludvik"]
[Black "Kovacocy, Pavel"]
[Result "1/2-1/2"]
[WhiteElo "2102"]
[BlackElo "2244"]
[PlyCount "75"]
[EventDate "2007.??.??"]

1. e4 c5 2. c4 Nc6 3. Ne2 g6 4. d4 cxd4 5. Nxd4 Bg7 6. Be3 Nf6 7. Nc3 O-O 8.
Be2 d6 9. O-O Bd7 10. Rc1 Nxd4 11. Bxd4 Bc6 12. f3 a5 13. b3 Nd7 14. Be3 Nc5
15. Qd2 Qb6 16. Kh1 Rfc8 17. Nd5 Bxd5 18. exd5 Qb4 19. Rfd1 Ra6 20. Qe1 Qxe1+
21. Rxe1 Kf8 22. Bf1 Raa8 23. Bd2 Rc7 24. g3 b6 25. h4 Bd4 26. Kg2 e5 27. dxe6
fxe6 28. Bh6+ Kf7 29. Red1 e5 30. Be2 Ne6 31. Bd3 Nc5 32. Bb1 Rac8 33. Be4 Nxe4
34. fxe4 a4 35. Rd3 axb3 36. axb3 Ke6 37. Rf1 Rf7 38. Rxf7 1/2-1/2